000 00537nam a22001577a 4500
999 _c535681
_d535681
020 _qHard Cover.
082 _a620.0011
100 _aShah Mir Ahmad
245 _aPerformance analysis of solar water heaters and their applications for space heating /
_cShah Mir Ahmad.
260 _aIslamabad :
_bCES - NUST,
_c2014.
300 _axiii, 63 p. : ill. ;
_c30cm.
942 _2ddc
_cTHE
650 _aEnergy Systems Engineering MS-Thesis
_928880
700 _aDr. Adeel Waqas
_928869